1565 1538 1833 1488 1657 1718 1411 1285 1408 1694 1876 1937 1905 1749 1027 1011 1502 1370 1069 1793 1936 1198 1934 1615 1045 1073 1798 1936 1565 1403 1467 1185 1965 1304 1413 1761 1608 1696 1442 1884 1620 1409 1967 1119 1028 1124 1937 1465 1865 1935 1866 1628 1654 1014 1635 1584 1855 1672 1337 1352 1313 1862 1786 1150 1095 1930 1781 1435 1881 1531 1347 1770 1107 1022 1232 1810 1851 1796 1998 1287 1031 1054 1774 1247 1939 1169 1893 1488 1381 1444 1885 1159 1925 1373 1901 1014 1878 1745 1559 BCNSPRNW ULIB Ver.6.0+V

เปลี่ยนเป็นภาษาไทย

Change to English
 แสดงรายละเอียดบรรณานุกรม
  กลับหน้าหลัก

Brief Record : Get Marc (ISO 2709) : E-mail record : QR code < ปิดหน้าต่าง
LEADER : 00000nam 2200000uu 4500
001    13399114429
003     ULIB
008    110627s||||||||th 000 0 tha d
020    9747053918
098    นว.^bม162ต
100 0  มนันยา
245 00 ตายแล้วยังหัวเราะ/^cมนันยา
250    พิมพ์ครั้งที่ 2
260    กรุงเทพฯ :^bสามสี,^c2540
300    252 หน้า
710 1  สามสี
945    ^p90^l0^i031539
995    ทศพร
999 ^a ใช้งานได้ทุกระบบ
รายการนี้ยังไม่มีแท็ก
คุณยังไม่ได้ล็อกอิน คุณสามารถมีกิจกรรมร่วมกับเว็บไซต์ได้ แต่ต้องล็อกอินก่อน ::
  ล็อกอิน

รายการสื่อสารสนเทศ

ลำดับที่ ประเภท เลขเรียก/บาร์โค้ด สถานที่ สถานะ
1. นวนิยาย
นวนิยาย
 ฉ.1 
  Barcode: 031539
ห้องสมุดวิทยาเขตสวรรค์ประชารักษ์
►นวนิยาย
บนชั้น
  ขอยืม

รายการใกล้เคียง
    ผู้แต่ง [มนันยา]

BibComment


ยังไม่เคยถูกคอมเมนท์

คอมเมนท์ทรัพยากรรายการนี้
  คอมเมนท์: ตายแล้วยังหัวเราะ..


 Copyright 2026. Bcnsprnw @Library